000 00390nam a2200121Ia 4500
008 260210s9999 xx 000 0 und d
082 _a629.281072 NAV
100 _aBisma Naveed, Rami Muhd. Ali, Tahreem Azhar
245 0 _aEV Kit for Testing and Monitoring (IoT Based Analyzer)
260 _aKarachi
_bUITU,
_c2020
600 _aBachelor of Engineering (B.E)
650 _aComputer Engineering
999 _c32828
_d32828